Prénom filles 2020 - Statistiques

Statistiques générales
  • Ce quiz a été pris 4 461 fois
    726 depuis la dernière actualisation
  • Le résultat moyen est 41 sur 100
Statistiques - réponses
Ordre Premiere lettre Prénoms filles % Correct
7 L Lou
90%
2 E Emma
89%
10 L Léa
89%
67 M Marie
80%
1 L Louise
77%
4 J Jade
73%
29 M Manon
72%
19 Z Zoé
72%
6 A Anna
67%
9 C Chloé
67%
5 A Alice
65%
25 J Juliette
62%
17 L Lola
62%
50 C Clara
61%
40 I Inès
61%
8 R Rose
61%
42 C Camille
60%
41 S Sarah
60%
15 L Léna
59%
22 J Julia
57%
38 R Romane
57%
31 J Jeanne
56%
60 L Lisa
56%
12 L Lina
53%
20 L Lucie
53%
21 E Élise
51%
18 E Eva
50%
58 L Lilou
50%
28 L Louna
50%
35 O Olivia
49%
59 V Valentine
49%
68 A Alicia
48%
11 A Ambre
48%
24 C Charlotte
48%
13 I Iris
48%
3 M Mia
48%
48 L Lily
46%
52 V Victoire
45%
78 L Lila
44%
44 L Lise
44%
95 L Louane
44%
61 M Mathilde
44%
82 A Alba
43%
54 L Lana
43%
36 M Margot
43%
70 M Maria
43%
47 A Anaïs
42%
37 C Clémence
42%
62 G Gabrielle
42%
32 L Luna
42%
33 N Nina
42%
26 M Mila
41%
76 V Victoria
41%
23 M Margaux
40%
27 R Romy
39%
30 A Agathe
38%
80 C Célia
38%
16 E Elena
38%
34 E Emy
37%
43 M Maëlys
37%
46 T Théa
37%
94 M Maëlle
36%
57 H Héloïse
35%
66 N Noémie
35%
74 Y Yasmine
35%
14 A Adèle
34%
69 E Elsa
33%
79 S Sofia
32%
55 L Léonie
31%
81 M Maya
30%
86 C Charlie
29%
65 A Amélia
28%
64 T Thaïs
28%
45 G Giulia
27%
49 L Léana
27%
85 E Ella
26%
56 M Mélina
26%
83 L Lya
25%
39 M Mya
24%
96 S Salomé
24%
77 A Alix
23%
63 C Capucine
23%
84 A Anaé
22%
72 R Roxane
22%
75 C Constance
21%
97 F Faustine
21%
93 A Andréa
17%
91 J Joy
17%
71 A Aya
16%
89 L Lyna
16%
53 A Apolline
15%
100 C Candice
15%
99 F Fiona
15%
73 L Livia
15%
87 S Soline
14%
51 L Lyana
13%
92 A Assia
12%
88 E Éléonore
12%
98 A Abigaël
8%
90 C Chelsea
1%
Aucun quiz correspondant
Distribution des résultats
% des personnes avec chaque résultat
Percentile par nombre de réponses
Votre historique - résultats
Vous n’avez pas pris ce quiz depuis la dernière actualisation